Online Catalogue and eLibrary

Yielding gender : (Record no. 130)

MARC details
000 -LEADER
fixed length control field 00752cam a2200229 a 4500
001 - CONTROL NUMBER
control field 3069525
005 - DATE AND TIME OF LATEST TRANSACTION
control field 20231204030135.0
008 - FIXED-LENGTH DATA ELEMENTS--GENERAL INFORMATION
fixed length control field 970226s1997 enk b 001 0 eng
020 ## - INTERNATIONAL STANDARD BOOK NUMBER
ISBN 0415139449 (hardcover : alk. paper)
020 ## - INTERNATIONAL STANDARD BOOK NUMBER
ISBN 0415139457 (pbk. : alk. paper)
040 ## - CATALOGING SOURCE (பட்டியலாக்க மூலம்)
Original cataloging agency DLC
Transcribing agency DLC
Modifying agency DLC
082 00 - DDC Classification
Class No. 305.42/01
DDC Edition Number 21
Item Number - Author Mark PEN.
100 1# - MAIN ENTRY--PERSONAL NAME
Personal name Deutscher, Penelope,
245 10 - TITLE STATEMENT
Title Yielding gender :
Remainder of title feminism, deconstruction, and the history of philosophy /
Statement of responsibility, etc. Penelope Deutscher.
260 ## - PUBLICATION, DISTRIBUTION, ETC.
Place of publication, distribution, etc. London ;
-- New York :
Name of publisher, distributor, etc. Routledge,
Date of publication, distribution, etc. 1997.
300 ## - PHYSICAL DESCRIPTION
Extent (e.g. Volumes, Pages etc.) vii, 224 p. ;
650 #0 - SUBJECT ADDED ENTRY--TOPICAL TERM
Topical term or geographic name entry element Feminist theory.
650 #0 - SUBJECT ADDED ENTRY--TOPICAL TERM
Topical term or geographic name entry element Deconstruction.
650 #0 - SUBJECT ADDED ENTRY--TOPICAL TERM
Topical term or geographic name entry element Philosophy, Modern.
856 42 - ELECTRONIC LOCATION AND ACCESS
Uniform Resource Identifier <a href="http://www.loc.gov/catdir/enhancements/fy0649/97007477-d.html">http://www.loc.gov/catdir/enhancements/fy0649/97007477-d.html</a>
942 ## - Koha item type (Biblio)
Koha item type Books in Stacks (Lending)
Holdings
Lost status Damaged status Collection code Home library Current library Date acquired Full call number Accession Number Item type
    Lending WERC Library WERC Library 12/04/2023 305.42/01 PEN. 2709 Books in Stacks (Lending)

© WERC Library